000 00359nam a2200157Ia 4500
003 OSt
008 191201s2011 xx 000 0 und d
082 _a658.15
_bCHF
100 _aCHANDRA, Prasanna
245 0 _aFundamentals of Financial Management
250 _aRep
260 _aNew delhi
_bTMH
_c2011
300 _aMISC
650 _aMBA
942 _2ddc
_cBK
999 _c5348
_d5348